=LDR 00000nam 2200000 4500 =001 INLIS000000000041974 =005 20200929092511 =035 ##$$a 0010-061300000041974 =008 200929################g##########0#ind## =041 ##$$a ind =082 ##$$a 303 620 598 22 =090 ##$$a 303 620 598 22, Jer w =100 ##$$a Jerome Tadie =245 1#$$a Wilayah kekerasan di Jakarta /$c Jerome Tadie; Penerjemah, Rahayu S. Hidayat =260 ##$$a Jakarta :$b Masup,$c 2009 =300 ##$$a 322 hlm., : $b ilus. ; $c 24 x 16 cm. =650 #4$$a KERUSUHAN - JAKARTA =700 #$$a Rahayu S Hidayat =850 ##$$a NBPNMAT =020 ##$$a 978-979-1570-64-0 =084 ##$$a 303 620 598 22 JER w =500 ##$$a Judul asli : Les territoires de la violence a Jakarta =990 ##$$a 31200362